02131cam a2200433 a 450000100090000000300090000900500170001800800410003502000150007602000390009104000380013008200260016810000440019424500770023825000190031526400600033430000290039433600260042333700280044933800270047749000430050450400510054750503280059865000640092665000720099065000710106265000850113365000490121865000390126765000420130665000490134865000490139765100100144665300210145665500240147794200120150199900170151395201670153016946342EG-ScBUE20220227101343.0110902s2011 nyu f b 001 0 eng d a081563286X a9780815632863 (cloth : alk. paper) aDLCbengerdacDLCdDLCdEG-ScBUE04a892.73099287222bSEY1 aSeymour-Jorn, Caroline,eauthor.93052010aCultural criticism in Egyptian women's writing /cCaroline Seymour-Jorn. aFirst edition. 1aSyracuse, New York :bSyracuse University Press,c2011. axli, 182 pages ;c22 cm. 2rdacontentatextbtxt 2rdamediaaunmediatedbn 2rdacarrieravolumebnc0 aContemporary issues in the Middle East aIncludes bibliographical references and index.0 aIntroduction -- The 1970s writers in context -- Salwa Bakr: the poetics of marginalization -- Ebtihal Salem: journeys into memory and experience -- Nemat El-Behairy: writing transgression -- Radwa Ashour: fiction writing as a history of the subjective -- Etidal Osman: Egyptian women's writing and creativity -- Conclusion. 7aArabic fictionzEgyptxHistory and criticism.9305222BUEsh 7aArabic fictionxWomen authorsxHistory and criticism.9305232BUEsh 7aArabic fictiony20th centuryxHistory and criticism.9305242BUEsh 7aWomen authors, Egyptiany20th centuryxPolitical and social views.9305252BUEsh 7aLiterature and societyzEgypt.9305262BUEsh 7aWomen in literature.9305272BUEsh 7aSex role in literature.9305282BUEsh 7aSocial problems in literature.9305292BUEsh 7aSocial conflict in literature.9305302BUEsh 2BUEsh cJuly2012bARALIT vReading book934232 2ddccBB c16853d16853 00102ddc40708BaccahaMAINbMAINc2NDd2012-07-11epurchaseg185.00h15359l6m26o892.73099287 SEYp000026955r2025-07-15 00:00:00s2024-05-22w2012-07-11yBB